000 00296nam a22001337a 4500
003 SGT
082 _a615.1
_bP05D
100 _aDOUGLASS,M.E.
245 _aPEARLS OF HOMOEOPATHIC MATERIA MEDICA
260 _aINDIA
_bB.JAIN PUB
_c2005
300 _a200
650 _aHOMOEOPATHIC
942 _2ddc
_cBK
999 _c20431
_d20431